| 000 | 02433nam0a2200373 4500 | ||
|---|---|---|---|
| 001 | RU\NLR\BIBL_A\022263451 | ||
| 005 | 20260406202441.0 | ||
| 035 | _a(NLR Aleph) 022263451 | ||
| 090 |
_a12325539 _c12325539 |
||
| 100 | _a20240626d1972 |||y0rusy50 ca | ||
| 101 | 0 | _aukr | |
| 102 | _aRU | ||
| 105 | _ay gc 011yy | ||
| 181 | 0 |
_ai _baxxe |
|
| 182 | 0 | _an | |
| 200 | 1 |
_aЗахiднi областi Украïнськоï РСР у Великiй Вiтчизнянiй вiйнi Радянського Союзу, 1941-1945 рр. _eбiблiографiчний покажчик _fАкадемiя наук Украïнськоï РСР, Львiвська наукова бiблiотека iм. В. Стефаника _gуклали: С. П. Костюк [и др.] _gредактор: доктор iсторичних наук, профессор М. К. Iвасюта |
|
| 203 |
_aТекст _bвизуальный _cнепосредственный |
||
| 210 |
_aКиïв _c[б. и.] _d1972 |
||
| 215 |
_a251 с. _d20 |
||
| 300 | _aЗагл. обл.: Захiднi областi УРСР у Великiй Вiтчизнянiй вiйнi Радянського Союзу (1941-1945) | ||
| 300 | _aНа обороте тит. с. загл. также на рус. яз.: Западные области Украинской ССР в Великой Отечественной войне Советского Союза, 1941-1945 гг.: библиографический указатель | ||
| 309 | _aНапеч. на пиш. маш. Ротапринт | ||
| 320 | _aИмен. покажчик: с. 223-241 | ||
| 512 | 1 | _aЗахiднi областi УРСР у Великiй Вiтчизнянiй вiйнi Радянського Союзу (1941-1945) | |
| 517 | 1 |
_aЗападные области Украинской ССР в Великой Отечественной войне Советского Союза, 1941-1945 гг. _eбиблиографический указатель _zrus |
|
| 702 | 1 |
_aКостюк _bС. П. _f1927- _gСтепан Павлович _4220 |
|
| 702 | 1 |
_aIвасюта _bМ. К. _4340 |
|
| 712 | 0 | 2 |
_4220 _8ukr _aЛьвiвська наукова бiблiотека iм. В. Стефаника _7ca _3RU\NLR\AUTH\889962391 _9421091 |
| 852 |
_aNLR _jс453Зап.Укр/З-З8 |
||
| 942 | _cBOOK | ||
| 980 | _aNB | ||